|
|
|
|
| LEADER |
00000nam0a2200000 4500 |
| 001 |
162175 |
| 005 |
20231031160224.0 |
| 035 |
|
|
|a (RuTPU)RU\TPU\book\175885
|
| 090 |
|
|
|a 162175
|
| 100 |
|
|
|a 20090618d1987 m y0rusy50 ca
|
| 101 |
0 |
|
|a rus
|
| 102 |
|
|
|a RU
|
| 105 |
|
|
|a a z 001zy
|
| 200 |
1 |
|
|a Центробежное литье чугунных труб
|f П. М. Двоскин, С. М. Двоскин
|
| 210 |
|
|
|a Москва
|c Металлургия
|d 1987
|
| 215 |
|
|
|a 220 с.
|c ил.
|
| 320 |
|
|
|a Библиогр.: с. 222-223.
|
| 610 |
1 |
|
|a чугунные трубопроводы
|
| 610 |
1 |
|
|a чугунные трубы
|
| 610 |
1 |
|
|a литье
|
| 610 |
1 |
|
|a чугун
|
| 610 |
1 |
|
|a приготовление
|
| 610 |
1 |
|
|a свойства
|
| 610 |
1 |
|
|a производство
|
| 610 |
1 |
|
|a организация труда
|
| 610 |
1 |
|
|a техника безопасности
|
| 675 |
|
|
|a 621.774.1
|v 3
|
| 700 |
|
1 |
|a Двоскин
|b П. М.
|g Павел Михайлович
|
| 701 |
|
1 |
|a Двоскин
|b С. М.
|g Семен Михайлович
|
| 801 |
|
1 |
|a RU
|b 63413507
|c 20090618
|g PSBO
|
| 801 |
|
2 |
|a RU
|b 63413507
|c 20091228
|g RCR
|
| 942 |
|
|
|c BK
|